Common Tintin Characters - Statistics

General Stats
  • This quiz has been taken 338 times
    293 since last reset
  • The average score is 10 of 17
Answer Stats
Hint Answer % Correct
boy reporter Tintin
100%
mariner Captain Haddock
93%
dog Snowy
88%
detective with a "p" Thompson
81%
detective without a "p" Thomson
81%
scientist Professor Calculus
79%
opera singer Bianca Castafiore
74%
butler Nestor
73%
Chinese boy Chang
68%
San Theodoran General Alcazar
54%
bad guy mariner Allan
51%
millionaire bad guy Rastapopoulos
51%
Middle Eastern boy (pest) Abdullah
47%
maid Irma
44%
insurance agent Jolyon Wagg
35%
Middle Eastern salesman Senhor Olivera da Figuera
13%
bald bad guy Dr. Mueller
12%
No matching quizzes found
Score Distribution
Percent of People with Each Score
Percentile by Number Answered
Your Score History
You have not taken this quiz since the last reset